[Event "5th Karl Wagner mem"]
[Site "Graz"]
[Date "1998.09.08"]
[Round "4.23"]
[White "Bawart, Markus"]
[Black "Nickl, Klaus"]
[Result "1/2-1/2"]
[WhiteElo "2345"]
[BlackElo "2180"]
[PlyCount "86"]
[EventDate "1998.09.09"]

{4/(23)} 1. e4 1... d5 2. exd5 Nf6 3. Bb5+ Bd7 4. Bxd7+ Qxd7 5. c4 c6 6. dxc6
Qxc6 7. b3 Qxg2 8. Qf3 Qxf3 9. Nxf3 Nc6 10. Bb2 Nb4 11. Kd1 Ng4 12. Rf1 Nd3 13.
Bd4 13... e5 {} 14. Nxe5 Ngxe5 15. Bxe5 Nxe5 16. Re1 O-O-O 17. Rxe5 Bd6 18.
Rh5 g6 19. Rh3 h5 20. Nc3 f5 21. Kc2 g5 22. Rh1 g4 23. Rd3 h4 24. Nd5 h3 25.
Ne3 Rhf8 26. f3 Bc5 27. Rxd8+ Kxd8 28. d4 Bd6 29. c5 Bb8 30. d5 gxf3 31. d6 f4
32. Nc4 Rg8 33. Nd2 f2 34. Rf1 Rg2 35. Nf3 b6 36. b4 a5 37. Ne5 Rxh2 38. Nc6+
Kc8 39. Nxb8 Kxb8 40. cxb6 Rg2 41. d7 Rg8 42. Rxf2 Rd8 43. Rxf4 axb4 1/2-1/2

[Event "5th Karl Wagner mem"]
[Site "Graz"]
[Date "1998.09.08"]
[Round "4.27"]
[White "Wallner, Joachim"]
[Black "Lampersberger, Erhard"]
[Result "1/2-1/2"]
[WhiteElo "2240"]
[BlackElo "2090"]
[PlyCount "36"]
[EventDate "1998.09.09"]

{4/(27)} 1. e4 1... e6 2. d3 d5 3. Nd2 c5 4. Ngf3 Nf6 5. g3 Nc6 6. Bg2 Be7 7.
O-O O-O 8. Re1 b5 9. e5 Nd7 10. c3 a5 11. Nf1 b4 12. c4 Nb6 13. b3 Bb7 14. Bf4
a4 15. h4 dxc4 16. dxc4 Qxd1 17. Rexd1 Na5 18. N1d2 Rfd8 1/2-1/2

[Event "5th Karl Wagner mem"]
[Site "Graz"]
[Date "1998.09.08"]
[Round "4.29"]
[White "Grabher, Heinz"]
[Black "Flecker, Wolfgang"]
[Result "1-0"]
[WhiteElo "2285"]
[BlackElo "2125"]
[PlyCount "111"]
[EventDate "1998.09.09"]

{4/(29)} 1. e4 1... e6 2. d4 d5 3. Nc3 Bb4 4. Nge2 dxe4 5. a3 Be7 6. Nxe4 Nc6
7. Qd3 Nf6 8. Bf4 Nxe4 9. Qxe4 Bd6 10. O-O-O Ne7 11. Nc3 c6 12. Bxd6 Qxd6 13.
Qg4 Ng6 14. Qg5 b6 15. g3 Bb7 16. Bg2 Qe7 17. Qh5 O-O-O 18. Rhe1 h6 19. f4 Qc7
20. Be4 Nf8 21. f5 Kb8 22. Qh4 22... Bc8 {} 23. Bxc6 g5 24. fxg6 Nxg6 25. Qe4
Rd6 26. d5 exd5 27. Bxd5 f5 28. Qb4 a6 29. Bf3 Rhd8 30. Rxd6 Qxd6 31. Qxd6+
Rxd6 32. Re8 Kc7 33. Nd5+ Kd7 34. Rg8 Bb7 35. Rg7+ Kc8 36. Rxg6 Rxg6 37. Ne7+
Kd7 38. Nxg6 Bxf3 39. Nf4 Kd6 40. Kd2 Bc6 41. Ke3 a5 42. Kd4 Be4 43. c4 a4 44.
Nd5 Kc6 45. Ne7+ Kd6 46. Ng8 h5 47. Nf6 Bf3 48. Nd5 b5 49. c5+ Kd7 50. Nf4 Kc6
51. Nd3 Be4 52. Ne5+ Kc7 53. Ke3 Kd8 54. Nf3 Bc6 55. Nd4 Bd7 56. Kf4 1-0

[Event "5th Karl Wagner mem"]
[Site "Graz"]
[Date "1998.09.08"]
[Round "4.30"]
[White "Wallner, Dieter"]
[Black "Frosch, Erich"]
[Result "0-1"]
[WhiteElo "2110"]
[BlackElo "2280"]
[PlyCount "104"]
[EventDate "1998.09.09"]

{4/(30)} 1. d4 1... Nf6 2. Nf3 b6 3. Bf4 Bb7 4. e3 e6 5. Nbd2 d6 6. Bd3 Be7 7.
h3 O-O 8. O-O c5 9. Re1 Nbd7 10. Bh2 d5 11. c3 Ne4 12. Qc2 f5 13. Ne5 Bh4 14.
Rf1 Nxd2 15. Qxd2 Bf6 16. Nxd7 Qxd7 17. Rad1 a5 18. Qe2 Qe7 19. Kh1 g6 20. Bb5
a4 21. Bd3 a3 22. b3 Rfc8 23. Rc1 Qd7 24. Bb5 Bc6 25. Bxc6 Qxc6 26. Qd2 Qd7 27.
Rfd1 b5 28. dxc5 Rxc5 29. c4 bxc4 30. bxc4 {} 30... Bb2 31. Rc2 Rac8 32. Qb4
Qe8 33. Rxb2 axb2 34. Qxb2 Rxc4 35. Be5 Rc2 36. Qd4 Rxa2 37. Rb1 Ra4 38. Qb6
Qd7 39. Ba1 Rac4 40. Qb2 d4 41. Rd1 Qa4 42. Rb1 Rc2 43. Qb7 Qc6 44. Bxd4 Qxb7
45. Rxb7 Rxf2 46. Rg7+ Kf8 47. Rxh7 Rc1+ 48. Kh2 Rcc2 49. Kg3 g5 50. e4 Rxg2+
51. Kf3 f4 52. e5 Rg3+ 0-1

[Event "5th Karl Wagner mem"]
[Site "Graz"]
[Date "1998.09.08"]
[Round "4.31"]
[White "Brunnsteiner, Mario"]
[Black "Aschenbrenner, Robert"]
[Result "1/2-1/2"]
[WhiteElo "2110"]
[BlackElo "2210"]
[PlyCount "117"]
[EventDate "1998.09.09"]

{4/(31)} 1. c4 1... b6 2. Nc3 c5 3. e4 Bb7 4. f4 g6 5. Nf3 Bg7 6. d3 Nc6 7. Be3
d6 8. g3 a6 9. Bg2 b5 10. Qd2 b4 11. Ne2 b3 12. axb3 Qb6 13. O-O Qxb3 14. Ra3
Qb4 15. Qc2 Qb6 16. Rd1 Nf6 17. h3 O-O 18. f5 e6 19. g4 exf5 20. exf5 gxf5 21.
gxf5 Nb4 22. Qd2 Rfe8 23. Bf2 Ra7 24. Nc3 Nd7 25. Na4 Qc7 26. d4 Bxf3 27. Bxf3
a5 28. dxc5 dxc5 29. Bd5 Re5 30. Bg3 Rxd5 31. cxd5 Qd8 32. Re1 Bd4+ 33. Kh2 Ra6
34. d6 Nf6 35. Qg5+ Kh8 36. Nxc5 Rxd6 37. Ne4 Rc6 38. Nxf6 Bxf6 39. Qe3 Qd5 40.
Qe8+ Kg7 41. Rg1 41... Rc2+ {} 42. Bf2+ Kh6 43. Qe3+ Kh5 44. Qf3+ Qxf3 45.
Rxf3 Rxb2 46. Kh1 a4 47. Bg3 Rb3 48. Rxb3 axb3 49. Bd6 Nd3 50. Ba3 b2 51. Rf1
Nc1 52. Rxc1 bxc1=Q+ 53. Bxc1 Bg5 54. Bb2 Kh4 55. Kg2 Be7 56. Bc1 Bf6 57. Be3
Bg5 58. Bf2+ Kh5 59. Bd4 1/2-1/2

[Event "5th Karl Wagner mem"]
[Site "Graz"]
[Date "1998.09.08"]
[Round "4.32"]
[White "Zoister, Stefan"]
[Black "Mihevc-Mohr, Narcisa"]
[Result "1-0"]
[WhiteElo "2105"]
[BlackElo "2200"]
[PlyCount "103"]
[EventDate "1998.09.09"]

{4/(32)} 1. e4 1... c5 2. Nf3 Nc6 3. d4 cxd4 4. Nxd4 Nf6 5. Nc3 e6 6. Ndb5 d6
7. Bf4 e5 8. Bg5 a6 9. Na3 b5 10. Nd5 Be7 11. Bxf6 Bxf6 12. c3 Ne7 13. Nxf6+
gxf6 14. Bd3 f5 15. exf5 d5 16. O-O e4 17. f6 Ng8 18. Re1 Be6 19. Bf1 Nxf6 20.
Nc2 Rg8 21. a4 Ng4 22. f3 exf3 23. Qxf3 Qd6 24. g3 Rb8 25. axb5 axb5 26. Nd4
Ne5 27. Qh5 Ng6 28. Bh3 Nf4 29. Qxh7 Nxh3+ 30. Qxh3 Qb6 31. Qh7 31... Rg6 {}
32. Ra6 Qxa6 33. Qh8+ Kd7 34. Qxb8 b4 35. Qxb4 Rg8 36. Nb3 Qa7+ 37. Qd4 Qxd4+
38. Nxd4 Rb8 39. Re2 Bg4 40. Rf2 Kd6 41. Kg2 Bd7 42. h3 Rh8 43. g4 Be6 44. Kg3
Rg8 45. Kf4 Bc8 46. Rh2 f6 47. Nf5+ Bxf5 48. Kxf5 Ke7 49. h4 Rh8 50. h5 Kf7 51.
h6 Ke7 52. h7 1-0

[Event "5th Karl Wagner mem"]
[Site "Graz"]
[Date "1998.09.08"]
[Round "4.33"]
[White "Raffalt, Manfred"]
[Black "Zirngast, Erhard"]
[Result "1/2-1/2"]
[WhiteElo "2180"]
[BlackElo "2060"]
[PlyCount "38"]
[EventDate "1998.09.09"]

{4/(33)} 1. d4 1... g6 2. e4 Bg7 3. Nf3 c6 4. Nc3 d6 5. Be3 Nd7 6. Qd2 b5 7. a3
a6 8. Be2 Bb7 9. O-O Qc7 10. Rad1 Rc8 11. Rfe1 Nb6 12. h3 e6 13. Bf4 Ne7 14.
Bh6 O-O 15. Bxg7 Kxg7 16. h4 e5 17. h5 f6 18. Nh2 c5 19. d5 Rf7 1/2-1/2

[Event "5th Karl Wagner mem"]
[Site "Graz"]
[Date "1998.09.08"]
[Round "4.34"]
[White "Romaszko, Sylwia"]
[Black "Riemelmoser, Oliver"]
[Result "1-0"]
[WhiteElo "2065"]
[BlackElo "2175"]
[PlyCount "83"]
[EventDate "1998.09.09"]

{4/(34)} 1. d4 1... e6 2. e4 d5 3. Nc3 Bb4 4. e5 c5 5. a3 Bxc3+ 6. bxc3 Ne7 7.
Nf3 Nbc6 8. h4 Qa5 9. Bd2 Qa4 10. h5 cxd4 11. cxd4 Nxd4 12. Bd3 Nec6 13. Kf1
Bd7 14. h6 g6 15. Rh4 f6 16. exf6 e5 17. Bc3 O-O 18. Bxd4 exd4 19. c4 Qa5 20.
Qc2 Rxf6 21. cxd5 Ne7 22. Rxd4 Rc8 23. Qd2 Qc5 24. Qb4 Nf5 25. Bxf5 Rxf5 26.
Rad1 Rh5 27. Kg1 b6 28. g4 Rxh6 29. Qd2 Qf8 30. Ne5 Rh3 31. f3 Qf6 32. Qg2 Qh4
33. g5 {} 33... Rh1+ 34. Qxh1 Qxg5+ 35. Ng4 h5 36. Qg2 hxg4 37. fxg4 Rf8 38.
Qe4 Qh4 39. Qxg6+ Kh8 40. Qh5+ Qxh5 41. gxh5 Rf5 42. Rh4 1-0

[Event "5th Karl Wagner mem"]
[Site "Graz"]
[Date "1998.09.08"]
[Round "4.43"]
[White "Halser, Walter"]
[Black "Maric, Katarina"]
[Result "1-0"]
[WhiteElo "2090"]
[BlackElo "2005"]
[PlyCount "51"]
[EventDate "1998.09.09"]

{4/(43)} 1. e4 1... c5 2. Nc3 Nc6 3. f4 d6 4. Nf3 g6 5. Bc4 Bg7 6. O-O e6 7. f5
h6 8. d3 Nge7 9. Qe1 a6 10. a4 Bd7 11. Nh4 Bd4+ 12. Kh1 gxf5 13. exf5 d5 14.
Bb3 Na5 15. Ba2 c4 16. Bd2 Rc8 17. f6 Ng8 18. Nxd5 Bc6 19. Nf4 Bxf6 20. Nhg6 c3
21. bxc3 21... Rh7 {} 22. Nxe6 fxe6 23. Qxe6+ Re7 24. Qxg8+ Kd7 25. Nxe7 Qxe7
26. Qg4+ 1-0

[Event "5th Karl Wagner mem"]
[Site "Graz"]
[Date "1998.09.08"]
[Round "4.45"]
[White "Laschet, Ewald"]
[Black "Teuschler, Hugo"]
[Result "0-1"]
[WhiteElo "2195"]
[BlackElo "2030"]
[PlyCount "83"]
[EventDate "1998.09.09"]

{4/(45)} 1. d4 1... d5 2. c4 e6 3. cxd5 exd5 4. Nc3 c6 5. Qc2 Nf6 6. Bg5 Nbd7
7. e3 Be7 8. Bd3 g6 9. Nge2 Nh5 10. Bxe7 Qxe7 11. O-O-O Nb6 12. h3 f5 13. Kb1
Bd7 14. Rc1 Nf6 15. Rhe1 Ne4 16. Ng1 Qb4 17. Nf3 Nxc3+ 18. Qxc3 Qxc3 19. Rxc3
Rd8 20. Ne5 Bc8 21. Ra3 a6 22. Be2 Nd7 23. Nd3 Ke7 24. Rc1 Kd6 25. Rac3 Rhf8
26. b4 Nb6 27. g3 Rde8 28. a3 g5 29. Ne5 Nd7 30. Bh5 {} 30... Rxe5 31. dxe5+
Nxe5 32. Be2 f4 33. exf4 gxf4 34. g4 f3 35. Bd3 d4 36. Rb3 Be6 37. Bc2 Bxb3 38.
Bxb3 b6 39. Bc2 h6 40. Rg1 c5 41. bxc5+ bxc5 42. Be4 0-1

[Event "5th Karl Wagner mem"]
[Site "Graz"]
[Date "1998.09.09"]
[Round "5.3"]
[White "Balinov, I."]
[Black "Lerner, K."]
[Result "1/2-1/2"]
[WhiteElo "2450"]
[BlackElo "2580"]
[PlyCount "134"]
[EventDate "1998.09.09"]

{5/(3)} 1. e4 1... c5 2. Nf3 d6 3. d4 cxd4 4. Nxd4 Nf6 5. Nc3 Nc6 6. Be2 e5 7.
Nf3 h6 8. O-O Be7 9. Re1 O-O 10. h3 a6 11. Nh2 Nd4 12. Ng4 Nxe2+ 13. Qxe2 Nxg4
14. hxg4 Be6 15. Be3 Bg5 16. f3 Bxe3+ 17. Qxe3 Rc8 18. Rad1 Rc6 19. Rd2 Qc7 20.
Ree2 Rc8 21. a3 b5 22. Qf2 Rc5 23. Nd1 Rb8 24. Ne3 b4 25. axb4 Rxb4 26. b3 a5
27. Rd3 a4 28. bxa4 Rxa4 29. Red2 Ra1+ 30. Rd1 Rxd1+ 31. Rxd1 Rc6 32. Rd2 Ra6
33. Rd3 Qb6 34. Rd2 Qd8 35. Rd1 g6 36. Rd3 Kg7 37. Rd1 Qg5 38. Qe2 Rc6 39. Qd2
Kh7 40. Nf1 Qh4 41. Ne3 h5 42. gxh5 Qxh5 43. Qa5 Qg5 44. Kf2 Qh4+ 45. Kg1 Kg7
46. Qa7 Qd8 47. Qb7 Qb6 48. Qxb6 Rxb6 49. g4 Kf6 50. Kf2 Rc6 51. Rd2 Kg5 52.
Kg3 Kf6 53. Kf2 Ke7 54. Rd1 Ra6 55. Rb1 Kd7 56. Rd1 Kc6 57. Rd3 Ra8 58. Rc3+
Kd7 59. Rd3 Ra5 60. Rd1 Ra3 61. Ke2 Kc6 62. Rd3 Rxd3 63. Kxd3 f6 64. c3 Kc5 65.
Kc2 Bf7 66. Kd3 Be6 67. Kc2 Bf7 1/2-1/2

[Event "5th Karl Wagner mem"]
[Site "Graz"]
[Date "1998.09.09"]
[Round "5.5"]
[White "Gorbatow, Alexej"]
[Black "Polak, Thomas"]
[Result "0-1"]
[WhiteElo "2420"]
[BlackElo "2525"]
[PlyCount "80"]
[EventDate "1998.09.09"]

{5/(5)} 1. c4 1... e5 2. e3 Nf6 3. d4 Bb4+ 4. Nc3 Nc6 5. Nf3 e4 6. Nd2 Bxc3 7.
bxc3 d6 8. c5 d5 9. Rb1 O-O 10. c4 Re8 11. Be2 Rb8 12. O-O Be6 13. h3 dxc4 14.
Nxc4 Nd5 15. Bd2 Qd7 16. Kh2 f5 17. f4 exf3 18. gxf3 f4 19. e4 Bxh3 20. exd5
Nxd4 21. Bd3 Qxd5 22. Rf2 Qh5 23. Kg1 Qh4 24. Be1 Qg3+ 25. Kh1 Rxe1+ 26. Qxe1
Nxf3 27. Qe2 {} 27... Bg2+ 28. Rxg2 Qh3+ 29. Rh2 Nxh2 30. Qxh2 Qxd3 31. Rc1
Qd5+ 32. Qg2 f3 33. Qg4 f2+ 34. Kh2 Rf8 35. Rf1 Rf5 36. Ne3 Qe5+ 37. Qg3 Rh5+
38. Kg2 Rg5 39. Ng4 Qxg3+ 40. Kxg3 h5 0-1

[Event "5th Karl Wagner mem"]
[Site "Graz"]
[Date "1998.09.09"]
[Round "5.6"]
[White "Freitag, Manfred"]
[Black "Loginov, Valery"]
[Result "0-1"]
[WhiteElo "2400"]
[BlackElo "2520"]
[PlyCount "68"]
[EventDate "1998.09.09"]

{5/(6)} 1. e4 1... c5 2. Nf3 d6 3. d4 cxd4 4. Nxd4 Nf6 5. Nc3 a6 6. Bc4 e6 7.
Bb3 Be7 8. f4 Nc6 9. Be3 O-O 10. Qf3 Qc7 11. f5 Nxd4 12. Bxd4 b5 13. O-O-O b4
14. Na4 Bb7 15. fxe6 Bxe4 16. exf7+ Kh8 17. Qf4 Rac8 18. Rd2 Qc6 19. Nb6 Rcd8
20. Nc4 Bg6 21. h4 Bxf7 22. Na5 Qc7 23. Bxf7 Rxf7 24. Qf5 d5 25. Nb3 Rff8 26.
Qe6 Bd6 27. Kb1 Ne4 28. Rdd1 Rc8 29. Qxd5 29... Nf2 {} 30. h5 Nxd1 31. c3 bxc3
32. Bxc3 Nxc3+ 33. bxc3 Qxc3 34. Qxd6 Rf2 0-1

[Event "5th Karl Wagner mem"]
[Site "Graz"]
[Date "1998.09.09"]
[Round "5.7"]
[White "Maksimenko, Andrei"]
[Black "Danner, Georg"]
[Result "1-0"]
[WhiteElo "2500"]
[BlackElo "2340"]
[PlyCount "81"]
[EventDate "1998.09.09"]

{5/(7)} 1. d4 1... Nf6 2. c4 c5 3. d5 b5 4. Nf3 bxc4 5. Nc3 g6 6. e4 d6 7. Bxc4
Bg7 8. O-O O-O 9. Re1 Bg4 10. h3 Bxf3 11. Qxf3 Nbd7 12. Qe2 Rb8 13. Rb1 Nb6 14.
Bb5 e6 15. dxe6 fxe6 16. e5 Nfd5 17. exd6 Qxd6 18. Ne4 Qe7 19. Bg5 Qc7 20. Nd2
Nf4 21. Bxf4 Rxf4 22. Qxe6+ Kh8 23. Nf3 c4 24. Re4 Rxe4 25. Qxe4 Qc5 26. a4 Rf8
27. Qc2 Qb4 28. h4 Bf6 29. Qe4 Qc5 30. b4 cxb3 31. Rxb3 Nd5 32. Bc4 Nc3 33. Qe6
33... Nd1 {} 34. Rb8 Kg7 35. Rxf8 Qxf8 36. Qd7+ Qe7 37. Qxd1 Bxh4 38. Nxh4
Qxh4 39. Qd7+ Kh6 40. Qh3 Qxh3 41. gxh3 1-0

[Event "5th Karl Wagner mem"]
[Site "Graz"]
[Date "1998.09.09"]
[Round "5.8"]
[White "Krumpacnik, Domen"]
[Black "Zoler, Dan"]
[Result "0-1"]
[WhiteElo "2380"]
[BlackElo "2500"]
[PlyCount "144"]
[EventDate "1998.09.09"]

{5/(8)} 1. d4 1... Nf6 2. Nf3 b6 3. g3 Bb7 4. Bg2 c5 5. c3 g6 6. O-O Bg7 7. Qb3
Qc8 8. Ng5 d5 9. dxc5 Qxc5 10. Be3 Qc7 11. Na3 O-O 12. Nb5 Qc8 13. Bf4 Nbd7 14.
Nf3 a6 15. Nbd4 Nh5 16. Bh3 Nxf4 17. gxf4 e6 18. Rac1 Qc7 19. e3 Nc5 20. Qc2
Rae8 21. Bg2 Qe7 22. Rfd1 Rc8 23. Qe2 Rc7 24. c4 dxc4 25. Rxc4 b5 26. Rcc1 Rfc8
27. Qd2 Na4 28. Rxc7 Qxc7 29. Ne1 Bxg2 30. Kxg2 e5 31. fxe5 Bxe5 32. Nef3 Bf6
33. Qb4 Rd8 34. Rd2 Qc8 35. h3 Qc5 36. Qxc5 Nxc5 37. Rc2 Rd5 38. b4 Nd3 39. Rc6
Bxd4 40. Nxd4 Nxb4 41. Rb6 Nxa2 42. Rxa6 Nc3 43. Rc6 Ne4 44. Rb6 Nd6 45. Ne2
Kf8 46. Nc3 Rc5 47. Rxd6 Rxc3 48. Rb6 Rb3 49. Rb7 Rb1 50. Kg3 b4 51. Kf3 b3 52.
Kg3 h5 53. Kf4 f6 54. e4 b2 55. Kf3 g5 56. Kg2 g4 57. Kh2 Ke8 58. Kg2 Kd8 59.
hxg4 hxg4 60. Rb3 Kc7 61. Rc3+ Kd6 62. Rb3 Kc5 63. Rb8 Kd4 64. Rd8+ Kxe4 65.
Rb8 f5 66. Re8+ Kd5 67. Rd8+ Ke6 68. Re8+ Kd7 69. Rb8 f4 70. Rb7+ Kc6 71. Rb3 {
} 71... f3+ 72. Kh2 g3+ 0-1

[Event "5th Karl Wagner mem"]
[Site "Graz"]
[Date "1998.09.09"]
[Round "5.9"]
[White "Alienkin, Aleksander"]
[Black "Stanec, Nikolaus"]
[Result "1/2-1/2"]
[WhiteElo "2365"]
[BlackElo "2495"]
[PlyCount "54"]
[EventDate "1998.09.09"]

{5/(9)} 1. Nf3 1... c5 2. c4 Nc6 3. Nc3 g6 4. e3 Bg7 5. d4 cxd4 6. exd4 d6 7.
Be2 Bg4 8. Be3 Nh6 9. Ng1 Bxe2 10. Ngxe2 Nf5 11. O-O Nxe3 12. fxe3 O-O 13. a3
e6 14. b4 Rc8 15. Qd3 Ne7 16. Rad1 b6 17. Rc1 Qc7 18. Ne4 Qd8 19. N4c3 d5 20.
c5 bxc5 21. bxc5 Nf5 22. Nf4 h5 23. Rb1 Rb8 24. Rxb8 Qxb8 25. Rb1 Qc7 26. Nce2
Rb8 27. Rb3 h4 1/2-1/2

[Event "5th Karl Wagner mem"]
[Site "Graz"]
[Date "1998.09.09"]
[Round "5.10"]
[White "Sarkozy, Ladislav"]
[Black "Mohr, Georg"]
[Result "1-0"]
[WhiteElo "2355"]
[BlackElo "2470"]
[PlyCount "115"]
[EventDate "1998.09.09"]

{5/(10)} 1. e4 1... c5 2. Nf3 a6 3. c3 d6 4. d4 Qc7 5. Bd3 Nd7 6. O-O g6 7. Re1
Bg7 8. Nbd2 e5 9. Bf1 cxd4 10. cxd4 exd4 11. Nc4 Ne7 12. Bf4 Ne5 13. Rc1 Nxc4
14. Bxc4 Qb6 15. Qa4+ Nc6 16. Bxd6 Be6 17. Ng5 Kd7 18. e5 Bh6 19. Nxe6 19...
fxe6 {} 20. Bxe6+ Kxe6 21. Qc4+ Kd7 22. Qf7+ Kc8 23. e6 Qd8 24. e7 Qe8 25.
Qe6+ Qd7 26. e8=Q+ Rxe8 27. Qxe8+ Qxe8 28. Rxe8+ Kd7 29. Rxa8 Bxc1 30. Ba3 d3
31. Kf1 Ne5 32. Ke1 Nc4 33. Kd1 Bf4 34. Rf8 Be5 35. Rf3 d2 36. Bb4 Bxb2 37.
Bxd2 Ke6 38. Bc3 Ba3 39. Rf6+ Ke7 40. Kc2 Bd6 41. h4 Nb6 42. Be5 Bc5 43. Rf4
Nd5 44. Re4 Kf7 45. Bd4 Be7 46. Kb3 Nc7 47. a4 b5 48. g3 Ne6 49. axb5 axb5 50.
Kc3 Bd6 51. Re1 Nxd4 52. Kxd4 Be7 53. Kd5 b4 54. Ra1 Bf6 55. Ra7+ Kg8 56. Rb7
Bc3 57. g4 Be1 58. f4 1-0

[Event "5th Karl Wagner mem"]
[Site "Graz"]
[Date "1998.09.09"]
[Round "5.12"]
[White "Gershon, Alik"]
[Black "Ganaus, Hannes"]
[Result "1/2-1/2"]
[WhiteElo "2460"]
[BlackElo "2225"]
[PlyCount "26"]
[EventDate "1998.09.09"]

{5/(12)} 1. d4 1... Nf6 2. c4 e6 3. Nc3 Bb4 4. Qc2 c5 5. dxc5 Na6 6. a3 Bxc3+
7. Qxc3 Nxc5 8. f3 d6 9. Bg5 h6 10. Bf4 e5 11. Bg3 Be6 12. e4 Rc8 13. Qe3 a5
1/2-1/2

[Event "5th Karl Wagner mem"]
[Site "Graz"]
[Date "1998.09.09"]
[Round "5.13"]
[White "Pavasovic, Dusko"]
[Black "Deutsch, Ludwig"]
[Result "1-0"]
[WhiteElo "2505"]
[BlackElo "2180"]
[PlyCount "99"]
[EventDate "1998.09.09"]

{5/(13)} 1. e4 1... c5 2. c3 e6 3. d4 Nf6 4. e5 Nd5 5. Nf3 cxd4 6. cxd4 Nc6 7.
Bc4 Nb6 8. Bd3 d5 9. O-O Be7 10. Nc3 a6 11. Qe2 h6 12. Bf4 Bd7 13. Rac1 Rc8 14.
Rfd1 Na5 15. b3 Nc6 16. Qb2 Kf8 17. a3 g6 18. Nb1 Kg7 19. Bf1 Na7 20. Ne1 Bg5
21. Rxc8 Nbxc8 22. Bd2 Bxd2 23. Qxd2 Nc6 24. Qc3 Qh4 25. g3 Qe7 26. Nd3 N8a7
27. Nc5 Bc8 28. b4 h5 29. h4 Qd8 30. Qe3 Ne7 31. Bd3 Re8 32. Nc3 a5 33. b5 b6
34. Nb3 Ng8 35. Ne2 Qe7 36. Ra1 Bd7 37. a4 Rc8 38. Nd2 Nh6 39. Nf4 Rc3 40. Nf3
Ng8 41. Rc1 Rxc1+ 42. Qxc1 Qd8 43. Ng5 Qc8 44. Qd1 Nh6 45. Qf3 45... Nf5 {}
46. Bxf5 gxf5 47. Nxh5+ Kf8 48. Nf6 Qc1+ 49. Kg2 Qc8 50. Qa3+ 1-0

[Event "5th Karl Wagner mem"]
[Site "Graz"]
[Date "1998.09.09"]
[Round "5.14"]
[White "Rabiega, Robert"]
[Black "Brod, Manfred"]
[Result "1-0"]
[WhiteElo "2525"]
[BlackElo "2260"]
[PlyCount "79"]
[EventDate "1998.09.09"]

{5/(14)} 1. e4 1... c5 2. Nf3 Nc6 3. c3 d5 4. exd5 Qxd5 5. d4 cxd4 6. cxd4 e5
7. Nc3 Bb4 8. Bd2 Bxc3 9. Bxc3 e4 10. Ne5 Nxe5 11. dxe5 Ne7 12. Be2 Be6 13.
Qa4+ Nc6 14. O-O e3 15. f4 g6 16. Rfd1 Qc5 17. Bd4 Qb4 18. Qxb4 Nxb4 19. Bb5+
Nc6 20. Bxe3 O-O 21. a3 a6 22. Be2 Rfd8 23. Bb6 Rxd1+ 24. Rxd1 h5 25. Kf2 Kg7
26. Bf3 Rc8 27. Rd2 Kf8 28. b4 Kg7 29. h3 Re8 30. Rd6 Rc8 31. g4 hxg4 32. hxg4
Kh7 33. Kg3 Kg7 34. Be4 Kh7 35. Kh4 Kg7 36. Kg5 Ne7 37. Bd8 Ng8 38. Bxb7 38...
Rc3 {} 39. f5 gxf5 40. gxf5 1-0

[Event "5th Karl Wagner mem"]
[Site "Graz"]
[Date "1998.09.09"]
[Round "5.16"]
[White "Baumegger, Siegfried"]
[Black "Riedner, Martin"]
[Result "1-0"]
[WhiteElo "2360"]
[BlackElo "2245"]
[PlyCount "55"]
[EventDate "1998.09.09"]

{5/(16)} 1. d4 1... d5 2. c4 e6 3. Nf3 c5 4. cxd5 exd5 5. Nc3 Nc6 6. Bf4 Nf6 7.
e3 a6 8. Be2 Be6 9. O-O Be7 10. dxc5 Bxc5 11. Rc1 O-O 12. Ne5 Na5 13. Na4 Bd6
14. Nc5 Qe7 15. b4 15... Rfe8 {} 16. Ng6 hxg6 17. Bxd6 Qxd6 18. bxa5 Re7 19.
Qd4 Bf5 20. Qb4 Nd7 21. Qxb7 Rb8 22. Qxa6 Qe5 23. Nxd7 Bxd7 24. Rfd1 Rb2 25.
Bf3 Rxa2 26. Qb6 d4 27. Qd8+ Kh7 28. Rxd4 1-0

[Event "5th Karl Wagner mem"]
[Site "Graz"]
[Date "1998.09.09"]
[Round "5.17"]
[White "Barbero, Gerardo"]
[Black "Pilaj, Herwig"]
[Result "1-0"]
[WhiteElo "2440"]
[BlackElo "2215"]
[PlyCount "61"]
[EventDate "1998.09.09"]

{5/(17)} 1. d4 1... Nf6 2. c4 c5 3. d5 b5 4. cxb5 a6 5. bxa6 Bxa6 6. Nc3 g6 7.
Nf3 Bg7 8. g3 d6 9. Bg2 Nbd7 10. O-O Nb6 11. Re1 O-O 12. Bf4 Nh5 13. Bg5 h6 14.
Bc1 Nf6 15. h3 Ra7 16. a3 Qb8 17. Rb1 Nfd7 18. Qc2 Qa8 19. Rd1 Bb7 20. e4 Kh7
21. b3 Ne5 22. Nxe5 Bxe5 23. Nb5 Ra5 24. a4 c4 25. Be3 Nd7 26. Qxc4 Ba6 27. Qc6
Bxb5 28. axb5 Nb8 29. Qc7 Rxb5 30. Qxe7 Na6 31. Bf1 {} 1-0

[Event "5th Karl Wagner mem"]
[Site "Graz"]
[Date "1998.09.09"]
[Round "5.18"]
[White "Hoellrigl, Wilfried"]
[Black "Lendwai, Reinhard"]
[Result "0-1"]
[WhiteElo "2215"]
[BlackElo "2375"]
[PlyCount "104"]
[EventDate "1998.09.09"]

{5/(18)} 1. e4 1... c6 2. d4 g6 3. Nf3 Bg7 4. Nc3 d5 5. h3 Nf6 6. e5 Ne4 7. Bd3
Nxc3 8. bxc3 c5 9. O-O c4 10. Be2 Qa5 11. Bd2 Qa4 12. Nh4 Nc6 13. f4 f5 14. g4
e6 15. gxf5 exf5 16. Nf3 Bh6 17. Qe1 Qxc2 18. Qh4 Bg7 19. a4 h6 20. a5 Be6 21.
Rfc1 Qe4 22. Qf2 g5 23. Bd1 g4 24. Ne1 g3 25. Qxg3 Rg8 26. Bc2 Qe2 27. Qf2 Qh5
28. Kh2 O-O-O 29. Nf3 Bf8 30. a6 b6 31. Rcb1 Kc7 32. Rg1 Be7 33. Be3 Rdf8 34.
Bd2 Rg4 35. Rg2 Rfg8 36. Rag1 b5 37. Bd1 Rxg2+ 38. Rxg2 Rxg2+ 39. Qxg2 Qf7 40.
Be1 Kb6 41. Qa2 Qf8 42. Bh4 {} 42... Ba3 43. Qg2 Bc1 44. Qg6 Bxf4+ 45. Kh1 Qf7
46. Qg2 Bc1 47. Bf6 Qg8 48. Qxg8 Bxg8 49. Bc2 Be6 50. Nh4 b4 51. Nxf5 bxc3 52.
Bh4 Nb4 0-1

[Event "5th Karl Wagner mem"]
[Site "Graz"]
[Date "1998.09.09"]
[Round "5.19"]
[White "Rott, Georg"]
[Black "Bawart, Markus"]
[Result "0-1"]
[WhiteElo "2200"]
[BlackElo "2345"]
[PlyCount "56"]
[EventDate "1998.09.09"]

{5/(19)} 1. e4 1... g6 2. d4 Bg7 3. Nc3 c6 4. Bc4 d6 5. a4 Nf6 6. f3 O-O 7.
Nge2 d5 8. Bb3 dxe4 9. fxe4 e5 10. Be3 Ng4 11. Bg1 {} 11... Qh4+ 12. Ng3 exd4
13. Nce2 c5 14. h3 Ne5 15. Bd5 Nbc6 16. Bf2 Qe7 17. O-O Nb4 18. c3 dxc3 19.
bxc3 Nbd3 20. Be3 Be6 21. Rb1 Bxd5 22. exd5 Rad8 23. Qb3 b6 24. Ne4 Ng4 25.
hxg4 Qxe4 26. Rf3 Ne5 27. Rh3 Nxg4 28. c4 Rfe8 0-1

[Event "5th Karl Wagner mem"]
[Site "Graz"]
[Date "1998.09.09"]
[Round "5.20"]
[White "Velickovic, Zoran"]
[Black "Nickl, Klaus"]
[Result "1-0"]
[WhiteElo "2290"]
[BlackElo "2180"]
[PlyCount "79"]
[EventDate "1998.09.09"]

{5/(20)} 1. Nf3 1... Nf6 2. g3 g6 3. Bg2 Bg7 4. d4 O-O 5. O-O d6 6. b3 c5 7. c4
Nc6 8. Bb2 a6 9. Nc3 Rb8 10. dxc5 dxc5 11. Na4 b6 12. Ne5 Nxe5 13. Bxe5 Nd7 14.
Bxb8 Bxa1 15. Qxa1 Nxb8 16. Qe5 Nd7 17. Qd5 Qc7 18. Rd1 Nb8 19. Nc3 Bd7 20. Qb7
Qe5 21. Rd3 b5 22. f4 Qf6 23. Kf2 bxc4 24. Nd5 Qb2 25. bxc4 Qxa2 26. Nxe7+ Kg7
27. Qd5 Re8 28. Qxc5 Bg4 29. Re3 Be6 30. Qe5+ Kh6 31. Qg5+ Kg7 32. Qe5+ {}
32... Kh6 33. Nf5+ Bxf5 34. Qxe8 Qb2 35. Qf8+ Kh5 36. Bf3+ Bg4 37. Bxg4+ Kxg4
38. h3+ Kf5 39. Re5+ Qxe5 40. fxe5 1-0

[Event "5th Karl Wagner mem"]
[Site "Graz"]
[Date "1998.09.09"]
[Round "5.21"]
[White "Stolte, Alexander"]
[Black "Grabher, Heinz"]
[Result "1/2-1/2"]
[WhiteElo "2145"]
[BlackElo "2285"]
[PlyCount "70"]
[EventDate "1998.09.09"]

{5/(21)} 1. d4 1... d5 2. Nf3 Nc6 3. Bf4 Bg4 4. e3 e6 5. c3 Bd6 6. Nbd2 Nge7 7.
h3 Bh5 8. Be2 Bxf4 9. exf4 Qd6 10. Ne5 Bxe2 11. Qxe2 O-O 12. O-O f6 13. Nd3 Ng6
14. Nf3 Rfe8 15. Qd2 {} 15... e5 16. fxe5 fxe5 17. Nfxe5 Ncxe5 18. dxe5 Nxe5
19. Nxe5 Rxe5 20. Rfe1 Rae8 21. Rad1 h6 22. Rxe5 Rxe5 23. Re1 Qe6 24. Kf1 c5
25. Rxe5 Qxe5 26. Qe2 Qf5 27. g4 Qd7 28. Qe5 d4 29. cxd4 cxd4 30. Ke1 Qc6 31.
Kd2 Qb6 32. Qe8+ Kh7 33. Qe4+ Kg8 34. Qe8+ Kh7 35. Qe4+ Kg8 1/2-1/2